000 00679nam a2200289Ia 4500
005 20260324131726.0
008 008 260324s9999 xx 000 0 eng d
020 _a9781315864631
037 _aEBOOK
040 _aCRL
040 _beng
040 _cCRL
041 _2eng
041 _aeng
084 _qCRL
100 _aMerle Longwood
_91186584
245 0 _aSexual Abuse in the Catholic Church
245 0 _bTrusting the Clergy?
260 _bTaylor and Francis
260 _c2005
365 _a
365 _b120
856 _uhttp://www.taylorfrancis.com/books/9781315864631
942 _cEBOOK
999 _c1784028
_d1784028